<?xml version="1.0" encoding="UTF-8"?>
<collection xmlns="http://www.loc.gov/MARC21/slim">
 <record>
  <leader>00741pamaa2200229   4500</leader>
  <controlfield tag="001">0000043473</controlfield>
  <controlfield tag="005">20121206090000.0</controlfield>
  <controlfield tag="008">080403                             eng  </controlfield>
  <datafield tag="020" ind1="0" ind2="0">
   <subfield code="a">0495385085 / 9780495385080 (pbk.) </subfield>
  </datafield>
  <datafield tag="082" ind1=" " ind2=" ">
   <subfield code="a">519.5 WAC 2008</subfield>
  </datafield>
  <datafield tag="090" ind1="0" ind2="0">
   <subfield code="a">QA276 </subfield>
   <subfield code="b">WAC 2008</subfield>
  </datafield>
  <datafield tag="100" ind1="1" ind2="0">
   <subfield code="a">Wackerly </subfield>
  </datafield>
  <datafield tag="245" ind1="1" ind2="0">
   <subfield code="a">Mathematical statistics with applications  </subfield>
   <subfield code="c">Dennis D. Wackerly, William Mendenhall and Richard L. Scheaffer.</subfield>
  </datafield>
  <datafield tag="250" ind1="0" ind2="0">
   <subfield code="a">7th ed.</subfield>
  </datafield>
  <datafield tag="260" ind1="0" ind2="0">
   <subfield code="a">Belmont, CA: </subfield>
   <subfield code="b">Thomson Brooks/Cole, </subfield>
   <subfield code="c">2008.</subfield>
  </datafield>
  <datafield tag="300" ind1=" " ind2=" ">
   <subfield code="a">xvii, 912p.: </subfield>
   <subfield code="b">ill.; </subfield>
   <subfield code="c">25cm.</subfield>
  </datafield>
  <datafield tag="501" ind1="0" ind2="0">
   <subfield code="a">Includes index</subfield>
  </datafield>
  <datafield tag="501" ind1="0" ind2="0">
   <subfield code="a">AUP</subfield>
  </datafield>
  <datafield tag="650" ind1="0" ind2="0">
   <subfield code="a">Mathematical statistics </subfield>
  </datafield>
  <datafield tag="700" ind1="1" ind2="1">
   <subfield code="a">Mendenhall, </subfield>
   <subfield code="h">William </subfield>
  </datafield>
  <datafield tag="700" ind1="1" ind2="1">
   <subfield code="a">Scheaffer, </subfield>
   <subfield code="h">Richard L. </subfield>
  </datafield>
  <datafield tag="901" ind1=" " ind2=" ">
   <subfield code="u">http://www.thomsonedu.com</subfield>
  </datafield>
 </record>
</collection>
